000 00427nam a22001217a 4500
008 230314b |||||||| |||| 00| 0 eng d
082 _a344
100 _aMinistry of Agriculture and Forests
245 _aAccess and Benefit Sharing Toolkit for the Management of Genetic Resources and Associated Traditional Knowledge in Bhutan
260 _aThimphu:
_bNational Biodiversity Centre,
_c2018
300 _a98 p.
_c25 cm
942 _2ddc
999 _c9427
_d9428